000
00236 a2200109 4500
001
63441
082
_a
823 ARC
090
_c
37499
_d
37499
100
_a
Archer, J
245
_a
The Prodigal Daughtor.
_h
English
260
_b
Harper Collins
942
_a
CAE NUST
_k
823 ARC
999
_c
298514
_d
298514